Score 0/30 Timer 04:00
3 Plays Today
Hint Answer % Correct
Begins with PPlayStation
91.6%
Begins with PPizza Hut
91.5%
Four Letter Miscellany IKEA
91.2%
2000s Top Baby Names by Celebrity SurnamesMichael
90.9%
2000s Top Baby Names by Celebrity SurnamesMatthew
90.2%
Begins with PPepper
87.7%
2000s Top Baby Names by Celebrity SurnamesChristopher
87.4%
Four Letter Miscellany Drop
86.7%
Begins with PPaddington
84%
2000s Top Baby Names by Celebrity SurnamesEmily
83.7%
2000s Top Baby Names by Celebrity SurnamesOlivia
83.1%
College Mascot AnimalsGator
82.5%
Car Models by ExplanationAvalanche
80.3%
Car Models by ExplanationTaurus
78.6%
Defunct CompaniesBlockbuster
75.1%
Hint Answer % Correct
Four Letter Miscellany Kiwi
75%
Car Models by ExplanationOutback
69.8%
Car Models by ExplanationSuburban
62.4%
Four Letter Miscellany Duke
62.2%
Car Models by ExplanationEquinox
58.2%
College Mascot AnimalsBulldog
57.5%
College Mascot AnimalsLonghorn
54.7%
College Mascot AnimalsWolverine
54%
Four Letter Miscellany Kelp
52.2%
Defunct CompaniesEnron
49.8%
Begins with PPorsche
49.4%
College Mascot AnimalsHusky
43.7%
Defunct CompaniesPan Am
41.8%
Defunct CompaniesBorders
34.1%
Defunct CompaniesWoolworth's
30.4%
Remove Ads.
Support Sporcle.
Get the best of Sporcle when you Go Orange. This ad-free experience offers more features, more stats, and more fun while also helping to support Sporcle. Thank you for becoming a member.

You're not logged in!

Compare scores with friends on all Sporcle quizzes.
OR
Log In

Show Comments

Extras

Top Quizzes Today


Score Distribution

Your Account Isn't Verified!

In order to create a playlist on Sporcle, you need to verify the email address you used during registration. Go to your Sporcle Settings to finish the process.

Report this User

Report this user for behavior that violates our Community Guidelines.

Details: